00486nam a2200205Ia 4500008004100000020001800041050001400059100001600073245002000089245005000109260001500159260001600174260000900190300001500199300002000214300001000234300002100244440000700265500000800272170918s9999 xx 000 0 und d a9780545295000 bK641 2011 aKlein, Abby aShark attack! / cby Abby Klein ; illustrated by John McKinley. aNew York : bScholastic, c2011 a94 pages : billustrations ; c19cm. eReady, Freddy ;  a24 a470